III Jornadas de psicología de la intervención social (Record no. 9675)

MARC details
000 -LEADER
campo de control de longitud fija 01110nam a2200277 i 4500
001 - NÚMERO DE CONTROL
campo de control 9675
003 - IDENTIFICADOR DE NÚMERO DE CONTROL
campo de control ES-MaACL
005 - FECHA Y HORA DE LA ÚLTIMA TRANSACCIÓN
campo de control 20230906145731.0
007 - CAMPO FIJO DE DESCRIPCIÓN FÍSICA--INFORMACIÓN GENERAL
campo de control de longitud fija t|
008 - DATOS DE LONGITUD FIJA--INFORMACIÓN GENERAL
campo de control de longitud fija 931124s1993 sp ||||1| spa d
020 ## - NÚMERO INTERNACIONAL ESTÁNDAR DEL LIBRO
Número Internacional Estándar del Libro 84-86852-23-4
080 ## - NÚMERO DE LA CLASIFICACIÓN DECIMAL UNIVERSAL
Número de la Clasificación Decimal Universal 061.3(464.1)"1991": 159.9
080 ## - NÚMERO DE LA CLASIFICACIÓN DECIMAL UNIVERSAL
Número de la Clasificación Decimal Universal 361:159.9(063)
111 2# - ENTRADA PRINCIPAL--NOMBRE DE CONGRESO/REUNIÓN
Nombre de congreso/reunión o jurisdicción como elemento de entrada Jornadas de Psicología de la Intervención Social (
Número del congreso/reunión o número de parte o sección 3ª.
Fecha del congreso o de la firma del tratado 1991.
Sede del congreso/Lugar de la reunión Madrid)
9 (RLIN) 816
245 10 - MENCIÓN DEL TÍTULO
Título III Jornadas de psicología de la intervención social
Resto del título : Madrid, 27, 28 y 29 de noviembre de 1991 /
Mención de responsabilidad, etc. Colegio Oficial de Psicólogos, Delegación de Madrid.
260 ## - PUBLICACIÓN, DISTRIBUCIÓN, ETC.
Lugar de publicación, distribución, etc. Madrid :
Nombre del editor, distribuidor, etc. Instituto Nacional de Servicios Sociales,
Fecha de publicación, distribución, etc. D.L. 1993.
300 ## - DESCRIPCIÓN FÍSICA
Extensión 3 v.(1430 p.) ;
Dimensiones 22 cm.
490 1# - MENCIÓN DE SERIE
Mención de serie Servicios sociales ;
Designación de volumen o secuencia 19
500 ## - NOTA GENERAL
Nota general Indice.
650 ## - PUNTO DE ACCESO ADICIONAL DE MATERIA--TÉRMINO DE MATERIA
Término de materia o nombre geográfico como elemento de entrada Asistencia social-
Subdivisión general Aspectos psicológicos.
9 (RLIN) 10378
710 2# - ENTRADA AGREGADA--NOMBRE DE ENTIDAD CORPORATIVA
Nombre de entidad corporativa o nombre de jurisdicción como elemento de entrada Colegio Oficial de Psicólogos (España).
Unidad subordinada Delegación de Madrid.
9 (RLIN) 2978
710 2# - ENTRADA AGREGADA--NOMBRE DE ENTIDAD CORPORATIVA
Nombre de entidad corporativa o nombre de jurisdicción como elemento de entrada Instituto Nacional de Servicios Sociales (España)
9 (RLIN) 5189
830 0# - PUNTO DE ACCESO ADICIONAL DE SERIE-TÍTULO UNIFORME
Título uniforme Servicios sociales ;
Designación de volumen o secuencia 19
9 (RLIN) 178582
852 ## - LOCALIZACIÓN
Ubicación ES-MaACL
Número de control de estantería L-17088-90
Sublocalización o colección R.121649
Holdings
Estatus retirado Estado de pérdida Estado de daño No para préstamo Biblioteca de origen Biblioteca actual Ubicación en estantería Fecha de adquisición Fuente de adquisición Total de préstamos Signatura topográfica completa Código de barras Visto por última vez Precio de reemplazo Tipo de ítem Koha
        Biblioteca del Ateneo de Madrid Biblioteca del Ateneo de Madrid Depósito 2 17/01/2008     L-17088-90 1009874 23/02/2023 23/02/2023 Libro impreso